| 000 | 01979nam0a2200349 i 4500 | ||
|---|---|---|---|
| 001 | RU\NLR\BIBL_A\011260312 | ||
| 005 | 20240921213157.0 | ||
| 010 |
_a9785439613144 _93000 |
||
| 021 |
_aRU _b2016-78903 _95139 |
||
| 035 | _a(NLR Aleph) 011260312 | ||
| 090 |
_a12211489 _c12211489 |
||
| 100 | _a20161031d2017 u y0rusy50 ca | ||
| 101 | 0 | _arus | |
| 102 | _aRU | ||
| 105 | _ay|||j|||000zy | ||
| 200 | 1 |
_aПрофессиональные компетенции юриста при подготовке документов по делам, вытекающим из экономических споров _eучебное пособие _fТ.И. Отческая, И.Е. Отческий |
|
| 210 |
_aМосква _cЮрлитинформ _d2017 _d[т.е. 2016] |
||
| 215 |
_a270, [1] с. _d21 |
||
| 225 | 1 | _aГражданский и арбитражный процесс | |
| 300 | _aНа обороте тит. л. авт.: Отческая Т.И., д.ю.н., проф., Отческий И.Е., к.ю.н., доц. | ||
| 300 | _aКн. фактически изд. в 2016 г. | ||
| 320 | _aБиблиогр.: с. 266-269 (60 назв.) и в подстроч. примеч. | ||
| 606 | 1 |
_aЭкономические споры _jУчебные издания для высших учебных заведений _xСудопроизводство _yРоссийская Федерация _92288614 _3RU\NLR\AUTH\661370765 |
|
| 606 | 1 |
_aЮристы _jУчебные издания для высших учебных заведений _xПрофессиональная деятельность _yРоссийская Федерация _92156243 _3RU\NLR\AUTH\661298084 |
|
| 686 | 1 | _aХ629.219я73 | |
| 686 | 1 | _aХ62п.я73 | |
| 700 | 1 |
_aОтческая _bТ. И. _gТатьяна Ивановна |
|
| 701 | 1 |
_aОтческий _bИ. Е. _gИван Евгеньевич |
|
| 942 | _cBOOK | ||
| 980 | _aNBR | ||